Diffusions, Markov processes, and martingales /
Guardado en:
| Autor Principal: | |
|---|---|
| Otros Autores: | |
| Formato: | Libro |
| Idioma: | English |
| Publicado: |
Chichester, West Sussex, England :
Wiley,
c1994-
|
| Edición: | 2nd ed. |
| Series: | Wiley series in probability and mathematical statistics
|
| Materias: | |
| Etiquetas: |
Agregar Etiqueta
Sin Etiquetas, Sea el primero en etiquetar este registro!
|
| LEADER | 01158cam a2200301 a 4500 | ||
|---|---|---|---|
| 001 | MAT.inmabb003943 | ||
| 008 | 940620m19949999enk######b####001#0#eng## | ||
| 005 | 20130311181823.0 | ||
| 245 | 1 | 0 | |a Diffusions, Markov processes, and martingales / |c L. C. G. Rogers and David Williams. |
| 250 | |a 2nd ed. | ||
| 260 | |a Chichester, West Sussex, England : |b Wiley, |c c1994- | ||
| 300 | |a v. <1 > ; |c 24 cm. | ||
| 440 | 0 | |a Wiley series in probability and mathematical statistics | |
| 500 | |a Nueva ed. de: Diffusions, Markov processes, and martingales / David Williams. 1979-1987. | ||
| 504 | |a Incluye referencias bibliográficas e índice. | ||
| 505 | 1 | |a v. 1. Foundations. | |
| 510 | 4 | |a MR, |c 96h:60116 |3 (v. 1) | |
| 020 | |a 0471950610 (v. 1) | ||
| 100 | 1 | |a Rogers, L. C. G. | |
| 700 | 1 | |a Williams, D. |q (David), |d 1938- | |
| 700 | 1 | |a Williams, D. |q (David), |d 1938- |t Diffusions, Markov processes, and martingales. | |
| 650 | 0 | |a Markov processes. | |
| 650 | 0 | |a Diffusion processes. | |
| 650 | 0 | |a Martingales (Mathematics) | |
| 084 | |a 60J25 (60G44) |2 msc2000 | ||
| 010 | |a 94028241 | ||
| 040 | |a DLC |c DLC |d DLC | ||
| 859 | |h 60 |i R724-2 |p A-7503 |v 1 |3 Vol. 1 |b BIB. MATEMATICA | ||
